| 000 | 00695 a2200193 4500 | ||
|---|---|---|---|
| 010 | _aENG-86084 | ||
| 020 |
_a8178241803 _c695.00 |
||
| 035 | _aEN-69617 | ||
| 037 | _bDBAD / PUB | ||
| 082 | 1 | 4 | _a324.954 |
| 100 | _aSrinivas, M.N. | ||
| 245 | 1 |
_aThe grassroots of democracy field studies of Indian elections / _cby M.N.Srinivas and A.M.Shah; edited by A.M.Shah |
|
| 260 |
_aRanikhet _bPermanent Black _c2007 |
||
| 270 |
_a`Himalayana', Mall Road, Ranikhet Cantt., _bRanikhet _cU P _e263 645 _mperblack@gmail.com |
||
| 300 |
_axiii, 379p. _c22 cm. (Hb) |
||
| 500 | _aIncludes bibliographical references and index | ||
| 700 | _aShah, A.M. | ||
| 942 |
_adpl _cEN _2ddc _h324.954 _mSRI |
||
| 999 |
_c4149 _d4149 |
||